Reflexiones sobre una reforma orientada al ciudadano la descentralizacin̤ participativa de Montevideo /

Detalles Bibliográficos
Autor principal: Veneziano Espern̤, Alicia
Autor Corporativo: Espanya. Ministerio para las Administraciones Pb︢licas
Formato: Libro
Lenguaje:español
Publicado: Madrid : Instituto Nacional de Administracin̤ Pb︢lica, 2005
Colección:Iberoamřica
Materias:
Acceso en línea:Acceso restringido

MARC

LEADER 00000nam a2200000 a 4500
005 20120213133623.0
007 cr|||| ||||
008 051006s2005 sp |||||| o000 ||spa|d
017 |a DL M. 22219-2005 
020 |a 8473512340 
035 |a 6061 
040 |d vLex 
080 |a 352(899) 
080 |a 352.072.1(899) 
090 |c 2986  |d 2986 
100 1 |a Veneziano Espern̤, Alicia 
245 1 0 |a Reflexiones sobre una reforma orientada al ciudadano   |h [Recurso electrn̤ico] :  |b la descentralizacin̤ participativa de Montevideo /  |c Alicia Veneziano Espern̤ 
256 |a Servicio en ln̕ea 
260 |a Madrid :  |b Instituto Nacional de Administracin̤ Pb︢lica,  |c 2005 
300 |a 1 recurso electrn̤ico 
500 |a Premio Andrš Bello, INAP 
504 |a Bibliografa̕ 
506 1 |a Contenido solo disponible en los productos indicados  |d vLex Global   |d vLex Global (Academic Edition, excluding Law Schools)   |d vLex Global (U.S. Academic Edition, Law Schools)   |d vLex Global (U.S. Academic Edition, excluding Law Schools)   |d vLex Global (Academic Edition, Law Schools)  
650 0 4 |a Administracin̤ local  |z Uruguay 
650 0 4 |a Actividad polt̕ica  |z Montevideo (Uruguay) 
650 0 4 |a Descentralitzacin̤ administrativa  |z Montevideo (Uruguay) 
651 4 |a Montevideo (Uruguay)  |x Polt̕ica y gobierno 
710 1 |a Espanya.  |b Ministerio para las Administraciones Pb︢licas 
740 0 |a vLex Libros (Servicio en ln̕ea) 
830 0 |a Iberoamřica 
856 4 0 |u http://vlex.com/source/reflexiones-reforma-orientada-ciudadano-6061  |z Acceso restringido 
942 |c BOOK 
999 0 |a Local government 
999 0 |a Decentralization in government 
999 0 |a Administrative law